000 00715cam a22002292 4500
001 0000005697
005 20151217152004.0
008 070622s xx 000 0 eng d
020 _a0262570246 :
040 _aKABU
_cKABU
050 0 _aQE26.2
_b.U53
245 1 0 _aUnderstanding the earth :
_ba reader in the earth sciences /
_ced. by I. G. Gass, Peter J. Smith, R. C. L. Wilson.
260 _aCambridge :
_bMIT Press,
_c1971.
300 _a355 p.
650 0 _aEarth sciences.
_@0000156895
700 1 _aGass, I. G.
_@0000156896
700 1 _aSmith, Peter J.
_@0000106575
700 1 _aWilson, R. C. L.
_@0000156897
908 _a070622
950 _@1
999 _c7053
_d7053